english test - Statistiques

Statistiques générales
  • Ce quiz a été pris 65 fois
  • Le résultat moyen est 6 sur 10
Statistiques - réponses
Hint Réponse % Correct
Cognitive Relating to thinking, memory, understanding, and learning.
75%
Dystopia An imagined society where people are unhappy and oppressed, often characterized by fear and injustice
74%
Automation The use of machines or technology to perform tasks without human intervention
72%
Adapt to change or adjust to new conditions or situations.
72%
Pessimist A person who tends to see the negative side of things or expects the worst.
70%
Resilience The ability to recover from difficulties or adapt in the face of adversity
64%
Bleak Dark, hopeless, or without hope.
62%
Augment To make something greater, more intense, or more significant.
62%
White-collar Relating to office jobs or professional work, as opposed to manual labor.
58%
Supplanted To replace something or someone, often suddenly or unexpectedly.
40%
Aucun quiz correspondant
Distribution des résultats
% des personnes avec chaque résultat
Percentile par nombre de réponses
Votre historique - résultats
Vous n’avez pas pris ce quiz